Attracting High Skilled Individuals in the EU: The Finnish Experience
Celoeurópsky program Modrá karta, zameraný na prilákanie kvalifikovaných odborníkov, z roku 2009, ako súčasť smernice Európskej rady zameranej na vysoko kvalifikované zamestnanie. Ciele programu zamerané na vytvorenie Európy ako vhodného hostiteľského regiónu pre kvalifikovaných pracovníkov z krajín...
Guardado en:
| Autor principal: | |
|---|---|
| Otros Autores: | , |
| Formato: | Capítulo de libro |
| Lenguaje: | inglés |
| Materias: | |
| Etiquetas: |
Sin Etiquetas, Sea el primero en etiquetar este registro!
|
MARC
| LEADER | 00000naa a2200000 4500 | ||
|---|---|---|---|
| 001 | 0263924 | ||
| 005 | 20240502094850.9 | ||
| 041 | 0 | |a eng | |
| 044 | |a GB | ||
| 245 | 1 | 0 | |a Attracting High Skilled Individuals in the EU: The Finnish Experience |c Andrej Přívara, Eva Rievajová, Adina Barbulescu |
| 520 | |a Celoeurópsky program Modrá karta, zameraný na prilákanie kvalifikovaných odborníkov, z roku 2009, ako súčasť smernice Európskej rady zameranej na vysoko kvalifikované zamestnanie. Ciele programu zamerané na vytvorenie Európy ako vhodného hostiteľského regiónu pre kvalifikovaných pracovníkov z krajín mimo EÚ. Základné črty programu modrej karty EÚ s osobitným zameraním na fínske skúsenosti. | ||
| 610 | 2 | 0 | |a migrácia |
| 610 | 2 | 0 | |a Fínsko |
| 610 | 2 | 0 | |a programy |
| 610 | 2 | 0 | |a Európska únia |
| 610 | 2 | 0 | |a zamestnávanie cudzincov |
| 610 | 2 | 0 | |a zamestnanci |
| 610 | 2 | 0 | |a pracovníci kvalifikovaní |
| 100 | 1 | |a Přívara, Andrej, 1983- | |
| 700 | 1 | |a Rievajová, Eva | |
| 700 | 1 | |a Barbulescu, Adina | |